[Event "Madrid-ch Seniors 20th"]
[Site "Madrid"]
[Date "2015.01.15"]
[Round "8"]
[White "Fernandez Liria, Cristobal"]
[Black "Merino Gomez, Aurelio"]
[Result "1-0"]
[WhiteElo "1820"]
[BlackElo "1692"]
[PlyCount "27"]
[EventDate "2015.01.07"]
[EventType "swiss"]
[EventRounds "9"]
[EventCountry "ESP"]
[SourceTitle "CBM 164 Extra"]
[Source "ChessBase"]
[SourceDate "2015.03.02"]
[SourceVersion "1"]
[SourceVersionDate "2015.03.02"]
[SourceQuality "1"]

1. e4 c5 2. Nf3 e6 3. d4 cxd4 4. Nxd4 a6 5. Nc3 Nc6 6. Nxc6 bxc6 7. e5 d5 8. exd6 Bxd6 9. Ne4 Be7 10. Bf4 Qd5 11. Nd6+ Bxd6 12. Bxd6 Nh6 13. c4 Qxd1+ 14. Rxd1 1-0